Олимпиада школьников "Ломоносов" по психологии (Запись № 3903259)

Подробности
000 -МАРКЕР
контрольное поле 01919nam0a2200349 i 4500
001 - ИДЕНТИФИКАТОР ЗАПИСИ
контрольное поле RU\NLR\bibl\1978240
005 - ИДЕНТИФИКАТОР ВЕРСИИ
контрольное поле 20260405090251.0
010 ## - МЕЖДУНАРОДНЫЙ СТАНДАРТНЫЙ НОМЕР КНИГИ (ISBN)
Номер (ISBN) 9785982278678
Тираж 500
021 ## - НОМЕР ГОСУДАРСТВЕННОЙ РЕГИСТРАЦИИ
Код страны Российская Федерация
Номер 2012-91044
Номер Листа государственной регистраци 6737
035 ## - ДРУГИЕ СИСТЕМНЫЕ НОМЕРА
Идентификатор записи (NLR Aleph) 001966983
100 ## - ДАННЫЕ ОБЩЕЙ ОБРАБОТКИ
Данные общей обработки 20121211d2012 u y0rusy50 ca
101 0# - ЯЗЫК РЕСУРСА
Язык текста, звукозаписи и т.д. русский
102 ## - СТРАНА ПУБЛИКАЦИИ ИЛИ ПРОИЗВОДСТВА
Страна публикации Российская Федерация
105 ## - ПОЛЕ КОДИРОВАННЫХ ДАННЫХ: ТЕКСТОВЫЕ МАТЕРИАЛЫ, МОНОГРАФИЧЕСКИЕ
Кодированные данные о монографическом текстовом документе y |||||||||
200 1# - ЗАГЛАВИЕ И СВЕДЕНИЯ ОБ ОТВЕТСТВЕННОСТИ
Основное заглавие Олимпиада школьников "Ломоносов" по психологии
Сведения, относящиеся к заглавию методические рекомендации
Первые сведения об ответственности Ю.П. Зинченко, И.А. Володарская, А.А. Матюшкина, Р.С. Шилко
Последующие сведения об ответственности МГУ им. М.В. Ломоносова, Фак. психологии
210 ## - ПУБЛИКАЦИЯ, РАСПРОСТРАНЕНИЕ И ДР.
Место издания, распространения и т.д. Москва
Имя издателя, распространителя и т. д. Книжный дом Университет
Дата издания, распространения и т.д. 2012
215 ## - ФИЗИЧЕСКАЯ ХАРАКТЕРИСТИКА
Специфическое обозначение материала и объем 110, [1] с.
Размеры 21
300 ## - ОБЩИЕ ПРИМЕЧАНИЯ
Текст примечания На 111-й с. авт.: Зинченко Ю.П., чл.-кор. РАО, д.психол.н., проф., Володарская И.А., к.п.н., доц., Матюшкина А.А., Шилко Р.С., кандидаты психол. наук, доценты
606 1# - НАИМЕНОВАНИЕ ТЕМЫ КАК ПРЕДМЕТ
Наименование темы Психология
Формальный подзаголовок Методические пособия
Тематический подзаголовок Олимпиады школьные
Системный номер авторитетной/нормативной записи 2193333
Идентификатор авторитетной/нормативной записи RU\NLR\AUTH\6601553917
686 1# - ИНДЕКСЫ ДРУГИХ КЛАССИФИКАЦИЙ
Индекс Ч426.61-382.61я8
701 #1 - ИМЯ ЛИЦА - АЛЬТЕРНАТИВНАЯ ОТВЕТСТВЕННОСТЬ
Начальный элемент ввода Зинченко
Часть имени, кроме начального элемента ввода Ю. П.
Расширение инициалов личного имени Юрий Петрович
Код отношения Автор
701 #1 - ИМЯ ЛИЦА - АЛЬТЕРНАТИВНАЯ ОТВЕТСТВЕННОСТЬ
Код отношения Автор
Материалы, к которым относится поле rus
Графика поля Кириллица
Начальный элемент ввода Володарская
Часть имени, кроме начального элемента ввода И. А.
Даты 1938-
Расширение инициалов личного имени Инна Андреевна
Идентификатор авторитетной/нормативной записи RU\NLR\auth\7731992
Системный номер авторитетной/нормативной записи 15002
701 #1 - ИМЯ ЛИЦА - АЛЬТЕРНАТИВНАЯ ОТВЕТСТВЕННОСТЬ
Начальный элемент ввода Матюшкина
Часть имени, кроме начального элемента ввода А. А.
Расширение инициалов личного имени Анна Алексеевна
Код отношения Автор
701 #1 - ИМЯ ЛИЦА - АЛЬТЕРНАТИВНАЯ ОТВЕТСТВЕННОСТЬ
Начальный элемент ввода Шилко
Часть имени, кроме начального элемента ввода Р. С.
Расширение инициалов личного имени Роман Сергеевич
Код отношения Автор
801 #0 - ИСТОЧНИК ЗАПИСИ
Страна Российская Федерация
Организация NLR
Дата составления 20121211
Правила каталогизации RCR
801 #1 - ИСТОЧНИК ЗАПИСИ
Страна Российская Федерация
Организация NLR
Дата составления 20121211
942 ## - ДОПОЛНИТЕЛЬНЫЕ ЭЛЕМЕНТЫ ЗАПИСИ (АБИС)
Тип экземпляра АБИС Книга
980 ## - КОЛЛЕКЦИЯ
Название коллекции НБР

Нет доступных экземпляров.